[Event "Campo Grande Brasil op"]
[Site "Campo Grande"]
[Date "2015.10.10"]
[Round "2"]
[White "Carmo, Jose Arlindo"]
[Black "Leite, Eleilson De Arruda"]
[Result "0-1"]
[WhiteElo "1768"]
[BlackElo "1800"]
[PlyCount "102"]
[EventDate "2015.10.09"]
[EventType "swiss"]
[EventRounds "7"]
[EventCountry "BRA"]
[SourceTitle "CBM 168 Extra"]
[Source "ChessBase"]
[SourceDate "2015.10.29"]
[SourceVersion "1"]
[SourceVersionDate "2015.10.29"]
[SourceQuality "1"]

1. e4 c5 2. Nf3 Nc6 3. d4 cxd4 4. Nxd4 Nf6 5. Nc3 e5 6. Ndb5 d6 7. Bg5 a6 8. Na3 b5 9. Nd5 Be7 10. Nxf6+ Bxf6 11. Be3 Be6 12. c3 0-0 13. Be2 Be7 14. 0-0 Rc8 15. Qd2 d5 16. exd5 Bxd5 17. c4 bxc4 18. Nxc4 Bb4 19. Qd1 Bxc4 20. Bxc4 Qxd1 21. Rfxd1 a5 22. a3 Be7 23. Rd7 Rfd8 24. Rad1 Kf8 25. Kf1 Rxd7 26. Rxd7 Nb8 27. Rb7 Nc6 28. g3 Nd8 29. Rxe7 Kxe7 30. b3 a4 31. Ba6 Ra8 32. Bc5+ Kf6 33. Bc4 axb3 34. Bxb3 Ne6 35. Bb4 Nd4 36. Bd5 Rd8 37. Be4 Ke6 38. g4 g6 39. g5 f5 40. gxf6 Kxf6 41. f3 Rb8 42. Kf2 Rc8 43. Kg3 Nc2 44. Bd6 Ke6 45. Bb7 Rc3 46. Bf8 Nxa3 47. Bb4 Rc7 48. Be4 Nc2 49. Bd2 Nd4 50. h4 Rd7 51. Be3 Nf5+ 0-1